Discographie de Linkin Park - Statistiques

Statistiques générales
  • Ce quiz a été pris 36 fois
  • Le résultat moyen est 57 sur 135
Statistiques - réponses
Réponse Date de sortie % Correct
In the End
90%
In the End (Live in Madrid) Live in Madrid
90%
Numb
90%
Numb (Live at Home Depot Center) Live at Home Depot Center
90%
Faint
76%
Faint (Live in Japan) Live in Japan
76%
Crawling
71%
Heavy (feat. Kiiara) feat. Kiiara
67%
Somewhere I Belong
67%
Somewhere I Belong (Live at Milton Keynes) Live at Milton Keynes
67%
What I've Done
67%
What I've Done (Distorted Remix) Distorted Remix
67%
What I've Done (Live) Live
67%
What I've Done (Live in Madrid) Live in Madrid
67%
Breaking the Habit
62%
Breaking the Habit (Live in Madrid) Live in Madrid
62%
CASTLE OF GLASS
62%
Heavy Is the Crown
62%
Heavy Is the Crown (Live in London, September 24, 2024) Live in London, September 24, 2024
62%
One More Light 2017
62%
The Emptiness Machine
62%
The Emptiness Machine (Live in Burbank, September 5, 2024) Live in Burbank, September 5, 2024
62%
BURN IT DOWN
57%
BURN IT DOWN (Live at Home Depot Center) Live at Home Depot Center
57%
From the Inside
57%
From the Inside (Live LPU Tour 2003) Live LPU Tour 2003
57%
Given Up
57%
Given Up (Third Encore Session) Third Encore Session
57%
Lying from You
57%
Lying from You (Live LPU Tour 2003) Live LPU Tour 2003
57%
One Step Closer
57%
With You
57%
With You (Live at Home Depot Center) Live at Home Depot Center
57%
A Place for My Head
52%
Bleed It Out
52%
Don't Stay
52%
From Zero 2024
52%
From Zero (Intro)
52%
Meteora 2003
52%
Papercut
52%
Points of Authority
52%
Runaway
52%
Cure for the Itch
48%
Easier to Run
48%
Easier to Run (Live LPU Tour 2003) Live LPU Tour 2003
48%
Figure.09
48%
Foreword
48%
Forgotten
48%
Leave Out All The Rest
48%
Nobody's Listening
48%
Pushing Me Away
48%
Shadow of the Day
48%
By Myself
43%
Cut the Bridge
43%
Hit the Floor
43%
Hybrid Theory 2000
43%
Over Each Other
43%
Over Each Other (Live in Paris, November 3, 2024) Live in Paris, November 3, 2024
43%
Overflow
43%
Session
43%
The Catalyst
43%
The Catalyst (Live in Madrid) Live in Madrid
43%
Good Goodbye (feat. Pusha T and Stormzy) feat. Pusha T and Stormzy
38%
Iridescent
38%
LIVING THINGS 2012
38%
No More Sorrow
38%
Up From the Bottom
38%
Waiting for the End
38%
Waiting for the End (Live in Madrid) Live in Madrid
38%
Wake
38%
Blackout
33%
Casualty
33%
Casualty (Live in Bogotá, November 11, 2024) Live in Bogotá, November 11, 2024
33%
Final Masquerade
33%
High Voltage
33%
IGYEIH
33%
In Between
33%
In Pieces
33%
Invisible
33%
Let You Fade
33%
LOST IN THE ECHO
33%
LOST IN THE ECHO (Live at Home Depot Center) Live at Home Depot Center
33%
My December
33%
Nobody Can Save Me
33%
POWERLESS
33%
Robot Boy
33%
Sharp Edges
33%
Stained
33%
Talking to Myself
33%
The Radiance
33%
The Requiem
33%
Two Faced
33%
Two Faced (Live in São Paulo, November 15, 2024) Live in São Paulo, November 15, 2024
33%
Unshatter
33%
Valentine's Day
33%
VICTIMIZED
33%
A Line in the Sand
29%
A Thousand Suns 2010
29%
Burning in the Skies
29%
Good Things Go
29%
Halfway Right
29%
Hands Held High
29%
I'LL BE GONE
29%
IN MY REMAINS
29%
Jornada Del Muerto
29%
Minutes to Midnight 2007
29%
Rebellion (feat. Daron Malakian) feat. Daron Malakian
29%
ROADS UNTRAVELED
29%
SKIN TO BONE
29%
The Hunting Party 2014
29%
The Little Things Give You Away
29%
The Messenger
29%
TINFOIL
29%
Until It's Gone
29%
War
29%
When They Come for Me
29%
All for Nothing (feat. Page Hamilton) feat. Page Hamilton
24%
Battle Symphony
24%
Keys to the Kingdom
24%
LIES GREED MISERY
24%
UNTIL IT BREAKS
24%
Wastelands
24%
Drawbar (feat. Tom Morello) feat. Tom Morello
19%
Empty Spaces
19%
Fallout
19%
Guilty All the Same (feat. Rakim) feat. Rakim
19%
Mark the Graves
19%
No Roads Left
19%
Sorry for Now
19%
Wisdom, Justice, and Love
19%
Wretches and Kings
19%
The Summoning
10%
New Divide (Live in Madrid) Live in Madrid
5%
Step Up (Live at Projekt Revolution 2002) Live at Projekt Revolution 2002
0%
Aucun quiz correspondant
Distribution des résultats
% des personnes avec chaque résultat
Percentile par nombre de réponses
Votre historique - résultats
Vous n’avez pas pris ce quiz